| 000 | 00000nam##2200000za#4500 |
| 001 | 9.681895 |
| 003 | CaOODSP |
| 005 | 20210615132557 |
| 007 | ta |
| 008 | 150407|2002||||xxc||||| f|0| 0 fre|d |
| 020 | |a0-662-87642-3 |
| 040 | |aCaOODSP|bfre |
| 043 | |an-cn--- |
| 086 | 1 |aEn40-669/2002F |
| 110 | 1 |aCanada.|bEnvironnement Canada. |bDirection de l'économie environnementale. |
| 245 | 10|aUtilisation industrielle de l'eau, 1996 / |cpar Dave Scharf et al. |
| 260 | |aMontréal - Québec : |bEnvironnement Canada. |c2002. |
| 300 | |avi, 41p. : |bgraphiques, tableaux ; |c28 cm. |
| 563 | |aCouverture souple |
| 590 | |a02-40|b2002-10-04 |
| 691 | 07|aApprovisionnement en eau|2gcpds |
| 691 | 07|aConsommation d'eau|2gcpds |
| 691 | 07|aDéchets industriels|2gcpds |
| 691 | 07|aEaux usées|2gcpds |
| 720 | 1 |aScharf, David Nelson |
| 775 | 08|tIndustrial water use, 1996 / |w(CaOODSP)9.648620 |
| 776 | 0#|tUtilisation industrielle de l'eau, 1996 / |w(CaOODSP)9.640303 |